000 00868cam a22002653a 4500
001 23191
003 PGUSA
005 20140828083508.0
008 071025s2007||||xxu|||||s|||||000 1 eng d
040 _aPGUSA
_beng
042 _adc
050 4 _aPZ
100 1 _aKingston, William Henry Giles,
_d1814-1880
245 1 0 _aCount Ulrich of Lindburg :
_bA Tale of the Reformation in Germany
_h[electronic resource] /
_cWilliam Henry Giles Kingston
260 _bProject Gutenberg,
_c2007
506 _aPublic domain in the USA.
516 _aElectronic text
653 _aReformation -- Germany -- Juvenile fiction
653 _aFriendship -- Juvenile fiction
653 _aPersecution -- Juvenile fiction
653 _aChristian life -- Juvenile fiction
830 0 _aProject Gutenberg
_v23191
856 4 0 _uhttp://www.gutenberg.org/ebooks/23191
942 _cEB
999 _c252446
_d252446